000 00787cam a2200229 a 4500
020 _a9780821369319
020 _a0821369318
020 _a0821369326 (electronic)
020 _a9780821369326 (electronic)
040 _cDLC
082 0 0 _a362 WOR 2007 A067 Or.
245 0 0 _aMore than a pretty picture :
_busing poverty maps to design better policies and interventions / edited by Tara Bedi, Aline Coudouel, Kenneth Simler.
246 3 0 _aUsing poverty maps to design better policies and interventions
260 _aWashington, D.C. :
_bWorld Bank,
_cc2007.
300 _axviii, 286 p. :
_bill. (chiefly col.), col. maps ;
_c26 cm.
650 0 _aPoverty
650 0 _aPoverty
700 1 _aBedi, Tara,
700 1 _aCoudouel, Aline.
700 1 _aSimler, Kenneth.
942 _cEK
999 _c14499
_d14499